Dua Lipa - Chansons de l'album Future Nostalgia - Statistiques

Statistiques générales
  • Ce quiz a été pris 105 fois
  • Le résultat moyen est 13 sur 20
Statistiques - réponses
Hint Réponse % Correct
Album Original 1 Future Nostalgia
87%
Album Original 6 Levitating
86%
Album Deluxe 19 Levitating (ft. DaBaby)
86%
Album Original 10 Break My Heart
83%
Album Original 2 Don't Start Now
81%
Album Original 9 Love Again
79%
Album Original 5 Physical
78%
Album Deluxe 13 Fever (ft. Angèle)
73%
Album Original 11 Good in Bed
73%
Album Original 12 Boys Will Be Boys
71%
Album Original 8 Hallucinate
71%
Album Original 3 Cool
64%
Album Original 4 Cool
64%
Album Original 7 Pretty Please
59%
Album Deluxe 14 We're Good
58%
Album Deluxe 15 Prisoner
46%
Album Deluxe 18 Not My Problem
44%
Album Deluxe 16 If It Ain't Me
42%
Album Deluxe 20 Un día (One Day en espagnol)
42%
Album Deluxe 17 That Kind of Woman
38%
Aucun quiz correspondant
Distribution des résultats
% des personnes avec chaque résultat
Percentile par nombre de réponses
Votre historique - résultats
Vous n’avez pas pris ce quiz